Statistiques concernant Paroles - En cloque - Renaud

Cliquez ici pour prendre le quiz!

Statistiques générales

  • Ce quiz a été pris 552 fois
  • Le résultat moyen est 219 sur 280

Statistiques - réponses

Paroles% Correct
de
99%
En
99%
en
99%
A
98%
a
98%
cloque
98%
Elle
98%
elle
98%
est
98%
le
97%
Le
97%
que
97%
des
96%
du
96%
un
96%
qu'elle
95%
la
94%
Ma
94%
me
94%
Une
94%
une
94%
Depuis
93%
Je
93%
Au
92%
Comme
91%
comme
91%
petit
91%
ses
90%
dans
89%
Dans
89%
Moi,
89%
Moi
89%
Sur
89%
sur
89%
sûr
89%
chambre
88%
les
88%
d'Arthur
87%
photo
87%
ça
86%
Ca
86%
envies
86%
Pour
86%
pour
86%
qu'il
86%
si
86%
berceau
85%
plus
85%
C'est
84%
dessus
84%
l'mur
84%
même
84%
Même
84%
mis
84%
rien
84%
J'dis
83%
Rimbaud
83%
Avec
82%
beau
82%
dit
82%
fraises
82%
gosse
82%
petits
80%
jamais
79%
veut
79%
Veut
79%
chat
78%
Pédé
78%
peint
78%
trouve
78%
mal
77%
papier
77%
phoque
77%
j'serai
76%
poils
76%
Tout
76%
tout
76%
Bravo
75%
cheveux
75%
j'suis
75%
perd
75%
Sous
75%
anges
74%
manque
74%
mûr
74%
petite
74%
son
74%
bouffer
73%
brosse
73%
Elles
73%
étrange
73%
pépère
73%
Quand
73%
j'existais
72%
J'trouvais
72%
aux
71%
Déjà
71%
idées
71%
j'pissais
71%
louve
71%
mes
71%
nuit
71%
prétexte
71%
violoncelle
71%
balaises
70%
couve
70%
belle
69%
j'devenais
69%
loufoques
69%
mon
69%
soins
69%
trop
69%
ventre
69%
font
68%
marrer
68%
fruit
67%
j'regarde
67%
protège
67%
soir
66%
s'réveille
66%
huit
65%
rossignol
64%
J'lui
63%
d'elle
62%
qu'je
62%
croit
61%
m'fous
61%
bizarre
60%
décembre
60%
temps
60%
j'rentre
59%
aussi
58%
Autour
58%
bien
58%
Faut
58%
traîner
58%
bonhomme
57%
laine
57%
Qu'arrive
57%
seul
57%
l'voir
56%
mains
56%
Toute
56%
C'qui
55%
c'qui
55%
grolles
55%
j'débloque
55%
l'mien
55%
m'défonce
55%
paddock
55%
pelotes
55%
retire
55%
tricote
55%
dire
54%
d'la
54%
Puis
54%
s'trouver
54%
bouge
53%
buvant
53%
fait
53%
froc
53%
j'démêle
53%
qu'son
53%
s'regarder
53%
"t'es
53%
coups
52%
dedans
52%
dos
51%
miroirs
51%
use
51%
verveine
51%
Alors
50%
chagrin
50%
côté
50%
m'retrouve
50%
rouge
49%
devient
48%
d'son
48%
J'sens
48%
l'autre
47%
ruisseau"
47%
fleur,
46%
poings
46%
jardin,
45%
m'désole
43%
j'promène
41%
planté
41%
Parfois
39%

Distribution des résultats

Percentile par nombre de réponses

% des personnes avec chaque résultat

Votre développement - résultats

Vous n’avez pas pris ce quiz